000
00366nam a2200169Ia 4500
003
IT-RoPAU
008
120407s9999 xx 000 0 und d
040
_a
IT-RoPAU
040
_c
IT-RoPAU
245
_a
L'assurdo, il Dada, il surreale (vol. VI)
245
_c
AA.VV.
250
_a
Milano
260
_a
Longanesi
300
_c
cm
490
_v
1
942
_c
BK
999
_c
7847
_d
7847